INTERNATIONAL ECONOMICS (Record no. 34418)

MARC details
000 -LEADER
fixed length control field 00253nam a22001217a 4500
003 - CONTROL NUMBER IDENTIFIER
control field SGT
082 ## - DEWEY DECIMAL CLASSIFICATION NUMBER
Classification number 337,SAL
100 ## - MAIN ENTRY--PERSONAL NAME
Personal name SALVATORE DOMINICK
245 ## - TITLE STATEMENT
Title INTERNATIONAL ECONOMICS
260 ## - PUBLICATION, DISTRIBUTION, ETC. (IMPRINT)
Name of publisher, distributor, etc WILEY PUB
Year of Publication 2016
300 ## - PAGE DESCRIPTION
No. of Pages 740
942 ## - ADDED ENTRY ELEMENTS (KOHA)
Source of classification or shelving scheme Dewey Decimal Classification
Koha item type Gifted Books
Holdings
Withdrawn status Lost status Source of classification or shelving scheme Damaged status Not for loan Collection code Home library Current library Shelving location Date acquired Vendor Name SGTU Total Checkouts Full call number Accession No. (Barcode) Date last seen Bill Date Koha item type
    Dewey Decimal Classification     ENGINEERING SGT Engineering Library SGT Engineering Library Text Book 20/03/2026 GIFTED SGTU   337,SAL FE9542 20/03/2026 20/03/2026 Gifted Books